000 00709nam a2200289Ia 4500
005 20260324121017.0
008 008 260324s9999 xx 000 0 eng d
020 _a9781315749600
037 _aEBOOK
040 _aCRL
040 _beng
040 _cCRL
041 _2eng
041 _aeng
084 _qCRL
100 _aGonzalo Lizarralde
_91160838
245 4 _aThe Invisible Houses
245 0 _bRethinking and designing low-cost housing in developing countries
260 _bTaylor and Francis
260 _c2014
365 _a
365 _b290
856 _uhttp://www.taylorfrancis.com/books/9781315749600
942 _cEBOOK
999 _c1752675
_d1752675